[Event "AUTO-OPEN-651"]
[Site "http://www.queenalice.com/game.php?id=207859"]
[Date "2007.5.8"]
[Round "1"]
[White "FKafka"]
[Black "pipi"]
[Result "0-1"]
[WhiteElo "1432"]
[BlackElo "1541"]

1. e4 e5 2. Nf3 Nc6 3. c3 Bc5 4. d4 exd4 5. cxd4 Bb4+ 6. Nbd2 Nf6 7. d5 Nxe4 8.
Qe2 Qe7 9. a3 Ba5 10. b4 Nxb4 11. Nxe4 Nc2+ 12. Kd1 Nxa1 13. Neg5 Qxe2+ 14. Bxe2
O-O 15. Bd3 g6 16. Ne5 Re8 17. Bb2 Nb3 18. Nc4 d6 19. Re1 Rxe1+ 20. Kc2 f6 21.
Nf3 Na1+ 22. Bxa1 Rxa1 23. Nxa5 b6 24. Kb2 Rd1 25. Kc2 Rh1 26. Nc6 Bd7 27. Ne7+
Kf8 28. Nc6 Re8 29. Nfd4 Rxh2 30. Bf1 Rh5 31. Nxa7 Rxd5 32. Kc3 Rc5+ 33. Kb4 Re4
0-1

[Event "AUTO-OPEN-651"]
[Site "http://www.queenalice.com/game.php?id=207887"]
[Date "2007.5.8"]
[Round "1"]
[White "CampbellMarcel"]
[Black "pipi"]
[Result "1-0"]
[WhiteElo "1860"]
[BlackElo "1487"]

1. e4 e5 2. Nf3 Nc6 3. Bc4 Nf6 4. d3 Bc5 5. b4 Bxb4+ 6. c3 Bc5 7. d4 exd4 8.
cxd4 Bb4+ 9. Bd2 d6 10. Bxb4 Nxb4 11. Qa4+ Nd7 12. Qxb4 c5 13. dxc5 dxc5 14.
Bxf7+ Kxf7 15. Qc4+ Kf8 16. O-O Qa5 17. Ng5 Ne5 18. Qd5 Ng4 19. Qf7# 1-0

[Event "AUTO-OPEN-651"]
[Site "http://www.queenalice.com/game.php?id=207888"]
[Date "2007.5.8"]
[Round "1"]
[White "pipi"]
[Black "CampbellMarcel"]
[Result "1-0"]
[WhiteElo "1570"]
[BlackElo "1672"]

1. e4 c5 2. Nf3 a6 3. Bc4 e6 4. d4 b5 5. Be2 c4 6. O-O Nc6 7. Bf4 d6 8. d5 exd5
9. exd5 Nce7 10. Bg5 f6 11. Bh4 Bb7 12. Re1 g5 13. Bg3 Nf5 14. Bd3+ Nfe7 15. Nd4
Bxd5 16. Bf5 Nh6 17. Qh5+ Nf7 18. Ne6 Qb6 19. Nc3 Qc6 20. Rad1 Bxg2 21. Bxd6 Bf3
22. Qh3 Bxd1 23. Nc7+ Kd8 24. Nxa8 Bf3 25. Bc7+ Ke8 26. Ne4 g4 27. Qh5 Bxe4 28.
Bxe4 Qe6 29. Ba5 Bg7 30. Nc7+ Kd7 31. Nxe6 Kxe6 32. Bb7+ 1-0

[Event "AUTO-OPEN-651"]
[Site "http://www.queenalice.com/game.php?id=207905"]
[Date "2007.5.8"]
[Round "1"]
[White "dante72"]
[Black "pipi"]
[Result "1-0"]
[WhiteElo "1724"]
[BlackElo "1500"]

1. d4 d5 2. e3 Nf6 3. Nc3 Bg4 4. f3 Bd7 5. Bd3 Nc6 6. Nge2 e6 7. a3 e5 8. O-O
Bd6 9. Bd2 O-O 10. Be1 exd4 11. exd4 Qe8 12. Bg3 Bxg3 13. Nxg3 Nxd4 14. Bxh7+
Nxh7 15. Qxd4 c6 16. Nh5 f6 17. Ng3 Qe7 18. Rae1 Qd8 19. Na4 Re8 20. Nc5 Qa5 21.
Rxe8+ Rxe8 22. Nxd7 Re6 23. Nc5 Re8 24. Nb3 Qa6 25. Nf5 Re1 26. Rxe1 Qb6 27.
Qxb6 axb6 28. Re7 1-0

[Event "AUTO-OPEN-651"]
[Site "http://www.queenalice.com/game.php?id=207906"]
[Date "2007.5.8"]
[Round "1"]
[White "pipi"]
[Black "dante72"]
[Result "0-1"]
[WhiteElo "1474"]
[BlackElo "1710"]

1. e4 e5 2. Nf3 d6 3. Bc4 Bg4 4. h3 Bh5 5. g4 Bg6 6. d3 h6 7. d4 Bxe4 8. dxe5 d5
9. Bb3 c6 10. Nc3 Bb4 11. a3 Bxc3+ 12. bxc3 Ne7 13. c4 O-O 14. Rg1 Bxf3 15. Qxf3
Nd7 16. g5 Nxe5 17. Qf4 N5g6 18. Qg4 Qc8 19. gxh6 Qxg4 20. Rxg4 Ne5 21. Rxg7+
Kh8 22. Bb2 N7g6 23. f4 Rae8 24. h4 Nd3+ 25. Kf1 Nxb2 26. Rb1 Nxc4 27. Rd1 Ne3+
28. Ke2 Nxd1+ 29. Kxd1 Nxf4 30. c3 Ne6 31. Rg4 Nc5 32. Bc2 Rg8 33. Rxg8+ Rxg8
34. h7 Rg4 35. h5 Rh4 0-1

[Event "Challenge"]
[Site "http://www.queenalice.com/game.php?id=207967"]
[Date "2007.5.8"]
[Round "-"]
[White "pipi"]
[Black "yanipasque"]
[Result "1-0"]
[WhiteElo "1645"]
[BlackElo "1387"]

1. e4 e5 2. Nf3 Bd6 3. d4 Nf6 4. dxe5 Bb4+ 5. Bd2 Nxe4 6. Bxb4 c5 7. Bxc5 Qa5+
8. Nfd2 Nxc5 9. Bc4 Nc6 10. O-O Nxe5 11. Re1 Qc7 12. Qh5 d6 13. Bxf7+ Qxf7 14.
Qh4 1-0

[Event "Challenge"]
[Site "http://www.queenalice.com/game.php?id=217357"]
[Date "2007.5.28"]
[Round "-"]
[White "pipi"]
[Black "backnine"]
[Result "1-0"]
[WhiteElo "1615"]
[BlackElo "1568"]

1. e4 e5 2. d3 Bc5 3. Nh3 Qf6 4. Bg5 Qg6 5. Nc3 c6 6. Na4 Bb4+ 7. c3 Bd6 8. d4
Qxe4+ 9. Qe2 Qxe2+ 10. Bxe2 Ne7 11. O-O O-O 12. dxe5 Nf5 13. Bg4 g6 14. Rae1 Bc7
15. Nc5 Ng7 16. Bh6 d6 17. exd6 Bxd6 18. Bxc8 Bxc5 19. Bxb7 Nd7 20. Bxa8 Rxa8
21. b4 Bd6 22. Bf4 Bxf4 23. Nxf4 Nf5 24. Rd1 Nb6 25. Rd3 Re8 26. Rfd1 Kg7 27. g3
Na4 28. Rd7 Nxc3 29. Rc1 Nxa2 30. Rxc6 Ne7 31. Rcc7 Nxb4 32. Rxe7 Rf8 33. Ne6+
1-0

[Event "Challenge"]
[Site "http://www.queenalice.com/game.php?id=219154"]
[Date "2007.6.1"]
[Round "-"]
[White "amadeurr"]
[Black "pipi"]
[Result "1-0"]
[WhiteElo "1457"]
[BlackElo "1633"]

1. e4 e5 2. Nf3 d6 3. Bb5+ Bd7 4. Bxd7+ Qxd7 5. d3 Nc6 6. O-O Nf6 7. Bg5 Nh5 8.
Nc3 Be7 9. Bxe7 Qxe7 10. Nd5 Qd8 11. Nxe5 O-O 12. Qxh5 Nxe5 13. d4 1-0

[Event "Let's Play Chess!"]
[Site "http://www.queenalice.com/game.php?id=220540"]
[Date "2007.6.4"]
[Round "-"]
[White "GusthavOX"]
[Black "pipi"]
[Result "0-1"]
[WhiteElo "1598"]
[BlackElo "1484"]

1. e4 d5 2. exd5 Qxd5 3. Nc3 Qe5+ 4. Be2 Nc6 5. Nf3 Qd6 6. Nb5 Qd7 7. O-O e5 8.
Bc4 Nh6 9. d3 Bc5 10. g4 Nxg4 11. Ng5 O-O 12. h3 Nxf2 13. Qf3 Nxh3+ 14. Kg2 Nxg5
15. Qh5 g6 16. Qxg5 Qh3# 0-1